| 000 | 00981nam a2200241Ia 4500 | ||
|---|---|---|---|
| 003 | Ost | ||
| 005 | 20260507075656.0 | ||
| 008 | 260507s9999||||xx |||||||||||||| ||und|| | ||
| 040 | _cfsecg | ||
| 041 | _aara | ||
| 082 | _a658.8 | ||
| 100 |
_aكريستول، ستيفن م. _eمؤلف |
||
| 245 | 0 |
_aالتسويق المبسط : _bانتهاء تعقيدات وفوضى وتشويش العلامات التجارية / _c ستيفن م. كريستول |
|
| 260 |
_aالرياض: _bمكتبة العبيكان, _c2004 |
||
| 300 |
_a388 صفحة؛ _bإيضاحات ؛ _c24 سم |
||
| 504 | _aالمراجع ص.383 | ||
| 520 | _aبيئة البيع والشراء في العصر الرقمي، الاستراتيجية الأربع للتقدم، السعي إلى التبسير. | ||
| 653 | _aالتسويق | ||
| 653 | _aالتكنولوجيا | ||
| 653 | _aالعلامات التجارية | ||
| 700 |
_aسيلي، بيتر _eمؤلف ثانوي |
||
| 942 | _cكتاب | ||
| 999 |
_c45713 _d45713 |
||